Modelling charitable giving using a box-cox standard Tobit model.
Analýza determinujúcich faktorov charitatívneho dávania. Vplyv cien a príjmu. Pri analýzach tohoto typu sa doposiaľ používali neadekvátne modely. Na základe použitia vhodnejšieho modelu sa dochádza k novým výsledkom.
Gespeichert in:
| 1. Verfasser: | |
|---|---|
| Weitere Verfasser: | |
| Format: | Buchkapitel |
| Sprache: | Englisch |
| Schlagworte: | |
| Tags: |
Keine Tags, Fügen Sie das erste Tag hinzu!
|
MARC
| LEADER | 00000naa a2200000 4500 | ||
|---|---|---|---|
| 001 | r008048 | ||
| 005 | 20221213084531.5 | ||
| 041 | 0 | |a eng | |
| 044 | |a US | ||
| 245 | 1 | 0 | |a Modelling charitable giving using a box-cox standard Tobit model. |c R.H. Lankford, J.H. Wyckoff |
| 520 | |a Analýza determinujúcich faktorov charitatívneho dávania. Vplyv cien a príjmu. Pri analýzach tohoto typu sa doposiaľ používali neadekvátne modely. Na základe použitia vhodnejšieho modelu sa dochádza k novým výsledkom. | ||
| 610 | 2 | 0 | |a modely ekonomicko-matematické |
| 610 | 2 | 0 | |a ceny |
| 610 | 2 | 0 | |a príjmy |
| 100 | 1 | |a Lankford, R.H. | |
| 700 | 1 | |a Wyckoff, J.H. | |